TPS ja Jursi - Statistics

Yleistilastot
  • Tätä visaa on pelattu 20 kertaa
  • Keskiarvotulos 11 / 22
Vastaustilastot
Nro Pelaaja % Oikein
14 Saku Koivu
100%
12 Miikka Kiprusoff
88%
15 Jere Lehtinen
76%
11 Marko Kiprusoff
76%
3 Aki Berg
71%
21 Kimmo Timonen
65%
7 Jani Hurme
59%
18 Kai Nurminen
59%
17 Petteri Nummelin
59%
16 Fredrik Norrena
53%
20 Sami Salo
53%
5 Miika Elomo
47%
9 Marko Jantunen
41%
2 Mika Alatalo
41%
10 Tomi Kallio
41%
1 Antti Aalto
35%
19 Lasse Pirjetä
29%
6 Mikko Eloranta
29%
13 Tom Koivisto
24%
4 Tuomas Grönman
24%
8 Hannes Hyvönen
12%
22 Tony Virta
12%
Ehtoja vastaavia visoja ei löytynyt
Tulosjakauma
Jokaisen tuloksen saaneiden osuus
Persentiili vastausten määrän mukaan
Tuloshistoriasi
Et ole pelannut tätä visaa